[Event "Wch U16 Girls"]
[Site "Kemer"]
[Date "2009.11.13"]
[Round "3"]
[White "Neuhauser, Salome"]
[Black "Abdurahmanli, Aytaj Azad Qizi"]
[Result "1-0"]
[WhiteElo "2025"]
[BlackElo "1878"]
[PlyCount "59"]
[EventDate "2009.11.12"]
[EventType "swiss"]
[EventRounds "11"]
[EventCountry "TUR"]
[SourceTitle "EXT 2010"]
[Source "ChessBase"]
[SourceDate "2010.11.25"]
[SourceVersion "1"]
[SourceVersionDate "2010.11.25"]
[SourceQuality "1"]

1. c4 e6 2. Nc3 d5 3. cxd5 exd5 4. Nf3 Nf6 5. g3 Be7 6. Bg2 c6 7. 0-0 d4 8. Nb1 d3 9. exd3 Qxd3 10. Re1 Nbd7 11. Nc3 Nc5 12. Ne5 Qd6 13. Qe2 Ne6 14. Nc4 Qc7 15. d3 0-0 16. Be3 Bd7 17. d4 Rfe8 18. Qc2 Rad8 19. Rad1 b6 20. Ne2 Nd5 21. Ne5 Bb4 22. Rf1 Bd6 23. Nc4 Bf8 24. Rc1 f6 25. Nd2 Qc8 26. Qb3 Ne7 27. Nf4 Qb7 28. Ne4 Kh8 29. Nc5 Nxc5 30. dxc5 1-0